000 00216 a2200097 4500
001 27751
100 _aSwartz, M M
245 _aHow to write better letters
260 _a
_bGrosset & Dunlop
_c
090 _c18539
_d18539
942 _aNUST-CAE
_cM
_c9490
999 _c262824
_d262824